Регионална библиотека "Любен Каравелов" - Русе

Улица без име (Запис номер 80945)

MARC детайли
000 -Лидер
Контролно поле с фиксирана дължина 01839nam a2200361 c 4500
003 - Код на организацията, давaща контролен номер
Контролно поле BLK
005 - Дата и час на последна редакция
Контролно поле 20240205092001.0
008 - Елементи от данни с фиксирана дължина
fixed length control field 180408b bul|||||r ||||||| ||bul||
010 ## - Наследен системен номер
LC control number KNG00085440000
020 ## - Международен стандартен номер на книга ISBN
Международен стандартен номер на книга ISBN 978-954-28-0317-1
-- издат.: Сиела Софт енд Паблишинг
040 ## - Източник на каталожния запис
Идентификатор на билиотеката - собственик на записа BLK
041 ## - Код за език
Код за езика на текст/звукозапис или на отделно заглавие Български
Код за езика КДБФ Български
080 ## - УДК
Текстов определител УДК Българска литература
УДК код - определител по УДК 821.163.2
УДК определител -054.7-312.6
УДК - код + определител 821.163.2-054.7-312.6
080 ## - УДК
Текстов определител УДК Английска литература
УДК код - определител по УДК 821.111
УДК определител -31
УДК - код + определител 821.111-31
100 1# - Редна дума - Автор
Автор Касабова, Капка
Авторска отговорност първи автор
R(LIN) 299888
139 ## - Редно поле
Редна дума Касабова, Капка
Авторски знак Кас - К 45
245 10 - Сведения за заглавието
Заглавие Улица без име
Подзаглавни данни Детство и други премеждия в България
Редно поле (дума) Капка Касабова; прев. от англ. Мариана Христова Мелнишка; * Мариана Христова Екимова-Мелнишка.
250 ## - Област на изданието
Сведения за изданието 2. изд.
257 ## - Страна на издаване
Страна на създаване/издаване България
260 ## - Област на издателските данни
-- София
Име на издателя, разпространителя и проч. Сиела Софт енд Паблишинг
Година на издаване 2008
300 ## - Физическа характеристика
Страници 336 с.
Илюстрации и др. със сн.
Размери/Мащаб 21 см
380 ## - Жанр
Жанр Худож. лит.
500 ## - Общи забележки
Забележка Без сведение за ориг. загл. ; Без сведение за 1. изд. - Пълното име на прев. е Мариана Христова Екимова-Мелнишка.
653 ## - Ключова дума – ненормативна
Ключова дума романи
700 1# - Други автори (авторска отговорност)
Лично име Мелнишка, Мариана Христова
Автороска отговорност (Описва отношението между автора и произведението) прев. от англ.
Друга информация Екимова-Мелнишка, Мариана Христова
9 (RLIN) 366842
700 ## - Други автори (авторска отговорност)
Лично име Екимова-Мелнишка, Мариана Христова
9 (RLIN) 372386
852 ## - Местоположение
Форматна сигнатура Цб 241213
856 4# - Електронен адрес и достъп
Електронен формат pdf - файл
Път до файла /url/
856 4# - Електронен адрес и достъп
Електронен формат pdf - файл
Път до файла /url/
942 ## - АРТИКУЛИ
Вид на библиотечния материал Книги
Скрит в OPAC Не
Koha issues (borrowed), all copies 11
944 ## - СЪЗДАВАНЕ И РЕДАКЦИЯ на ЗАПИСА
Създаване/Редакция Създаване
Дата на регистрацията/редакция 05.09.2008
Статус, дата на статуса Теодора Пейчева-Дянкова
Служител, извършил регистрацията/редакцията 30556
944 ## - СЪЗДАВАНЕ И РЕДАКЦИЯ на ЗАПИСА
Създаване/Редакция Редакция
Дата на регистрацията/редакция 18.03.2013
Статус, дата на статуса ф /
Служител, извършил регистрацията/редакцията
999 ## - СИСТЕМНИ КОНТРОЛНИ НОМЕРА
Koha biblionumber 80945
Koha biblioitemnumber 80945
Наличности
Код за отписване Код за изгубен артикул Код за повреда Коз за рестрикции Код за отдаване Артикулен № Име на библиотеката - собственик Име на библиотеката, в която се намира в момента Статус (Текущо местоположение) Дата на вписване в системата Местоположение - отдел Цена в лева Инвентарен номер Систематично азбучна сигнатура Баркод Номер на екземпляра Цена в евро Служебна бележка Служебен тип на артикула Източник на класификационната схема
  Не е изгубен Не е повреден без рестрикции заемане за дома 131129 Регионална библиотека "Любен Каравелов" Русе Регионална библиотека "Любен Каравелов" Русе Заемна - подръчен фонд 2008-09-05 Заемна - подръчен фонд 14.00 120000728758 П 886.7-31/К 45 120000728758 1 7.16 Дост: Pk Вид: Ф N: 7474 Дата: 01.09.2008 Дата инв: 13.02.2018 Бележки инв: П2018 Книги  
  Не е изгубен Не е повреден без рестрикции заемане за дома 131130 Регионална библиотека "Любен Каравелов" Русе Регионална библиотека "Любен Каравелов" Русе Заемна - подръчен фонд 2008-10-04 Заемна - подръчен фонд 14.00 120000730251 П 886.7-31/К 45 120000730251 2 7.16 Дост: Pk Вид: Ф N: 8545 Дата: 03.10.2008 Дата инв: 13.02.2018 Бележки инв: П2018 Книги Universal Decimal Classification
  Не е изгубен Не е повреден без рестрикции ползва се в читалня 131131 Регионална библиотека "Любен Каравелов" Русе Регионална библиотека "Любен Каравелов" Русе Хранилище 2013-03-07 Основен фонд - ползва се само за читалня 7.00 120000764798 Цб 241213 120000764798 3 3.58 Дост: Pk Вид: Ф N: 422 Дата: 03.03.2013 Книги  
Vip Innovations Ltd, Rousse, Bulgaria 2025